Geometry Dash - Top 1 Demons - Statistics

General Stats
  • This quiz has been taken 501 times
    99 since last reset
  • The average score is 23 of 44
Answer Stats
Answer % Correct
Tidal Wave
98%
Thinking Space II
97%
Bloodbath
92%
Amethyst
88%
Bloodlust
86%
Acheron
85%
Sonic Wave (Cyclic)
82%
Sonic Wave (Cyrillic)
82%
Sonic Wave (Sunix)
82%
Slaughterhouse 
80%
Tartarus (Dolphy)
78%
Tartarus (Mullsy)
78%
Cataclysm
77%
Avernus
71%
Zodiac
69%
Sakupen Circles
65%
demon park
63%
Firework
63%
The Golden
62%
Yatagarasu 
58%
ICE Carbon Diablo X
57%
Silent Club
57%
Erebus
54%
Abyss of Darkness
46%
Sakupen Hell
45%
Crimson Planet
43%
Plasma Pulse Finale
43%
Artificial Ascent
40%
Phobos
37%
Digital Descent
35%
Stalemate Redux
31%
Athanatos
28%
The Hell World
25%
Extreme Park
20%
To the grave
20%
The Hell origin
18%
The Hell zone
18%
Element 111 Rg
17%
Stereo Demoness
17%
Fexty
14%
Heaven And Hell
9%
Theory of Darkness
9%
demon world
8%
Future demoness
8%
No matching quizzes found
Score Distribution
Percent of People with Each Score
Percentile by Number Answered
Your Score History
You have not taken this quiz since the last reset